00483nam a2200181Ia 4500003000400000005001700004008004100021020001400062040000700076041000800083082002000091100002500111245007100136260004100207300001500248365001300263650002500276OSt20250423144631.0210423s2012 xx 000 0 und d a333925483 cAL aeng a530.15 GHAM223 aGHATAK (A K);others. aMathematical physics: differential equations and transform theory. aNew DelhibMacmillan India Ltdc2012 axv,613bPB b295cINR aMathematical Physics